Clic Les noms des anciennes cathédrales de France - Statistiques

Statistiques générales
  • Ce quiz a été pris 9 fois
  • Le résultat moyen est 15 sur 96
Statistiques - réponses
Hint Explanation Réponse % Correct
Saint-Pierre Diocèse disparu Saint-Pierre
86%
Senlis Diocèse disparu Notre-Dame
71%
Digne-les-Bains Diocèse disparu Notre-Dame
57%
Cambrai Cathédrale détruite Notre-Dame
57%
Mirande Diocèse disparu Notre-Dame
57%
Boulogne-sur-Mer Diocèse disparu Notre-Dame
57%
Arras Cathédrale détruite Notre-Dame
57%
Laon Diocèse disparu Notre-Dame
57%
Tréguier Diocèse disparu Saint-Tugdual
57%
Die Diocèse disparu Notre-Dame
43%
Bourg-en-Bresse Diocèse disparu Notre-Dame
43%
Saint-Omer Diocèse disparu Notre-Dame
43%
Embrun Diocèse disparu Notre-Dame
43%
Noyon Diocèse disparu Notre-Dame
43%
Toul Diocèse disparu Saint-Etienne
43%
Saint-Lizier Diocèse disparu Saint-Lizier
43%
Saint-Pons-de-Thomières Diocèse disparu Saint-Pons
43%
Dol-de-Bretagne Diocèse disparu Saint-Samson
43%
Saint-Bertrand-de-Comminges Diocèse disparu Notre-Dame
29%
Saint-Paul-trois-Châteaux Diocèse disparu Notre-Dame
29%
Rennes Diocèse disparu Notre-Dame-en-Saint-Melaine
29%
Auxerre Diocèse disparu Saint-Etienne
29%
Saint-Papoul Diocèse disparu Saint-Papoul
29%
Uzès Diocèse disparu Saint-Théodorit
29%
Saint-Malo Diocèse disparu Saint-Vincent
29%
Rieux-Volvestre Diocèse disparu Nativité-de-Marie
14%
Lescar Diocèse disparu Notre-Dame-de-l'Assomption
14%
Orange Diocèse disparu Notre-Dame-de-Nazareth
14%
Cavaillon Diocèse disparu Notre-Dame-et-Saint-Véran
14%
Lavaur Diocèse disparu Saint-Alain
14%
Elne Diocèse disparu Sainte-Eulalie-et-Sainte-Julie
14%
Agde Diocèse disparu Saint-Etienne
14%
Périgueux Diocèse disparu Saint-Etienne
14%
Agen Cathédrale détruite Saint-Etienne
14%
Lodève Diocèse disparu Saint-Fulcran
14%
Lectoure Diocèse disparu Saint-Gervais-et-Saint-Protais
14%
Aire-sur-l'Adour Diocèse disparu Saint-Jean-Baptiste
14%
Fréjus Diocèse disparu Saint-Léonce
14%
Choisy-le-Roi Diocèse disparu Saint-Louis-et-Saint-Nicolas
14%
Eauze Diocèse disparu Saint-Luperc
14%
Carcassonne Diocèse disparu Saint-Nazaire
14%
Béziers Diocèse disparu Saint-Nazaire
14%
Saint-Pol-de-Léon Diocèse disparu Saint-Paul-Aurélien
14%
Condom Diocèse disparu Saint-Pierre
14%
Saintes Diocèse disparu Saint-Pierre
14%
Maillezais Cathédrale détruite Saint-Pierre
14%
Saint-Servan Cathédrale détruite Saint-Pierre
14%
Sarlat-la-Canéda Diocèse disparu Saint-Sacerdos
14%
Corbeil-Essonnes Diocèse disparu Saint-Spire
14%
Arles Diocèse disparu Saint-Trophime
14%
Chalon-sur-Saône Diocèse disparu Saint-Vincent
14%
Mâcon Cathédrale détruite Vieux-Saint-Vincent
14%
Vence Diocèse disparu Nativité-de-Marie
0%
Antibes Diocèse disparu Notre-Dame-de-la-Platea
0%
Riez Diocèse disparu Notre-Dame-de-l'Assomption
0%
Senez Diocèse disparu Notre-Dame-de-l'Assomption
0%
Saint-Pierre Diocèse disparu Notre-Dame-de-l'Assomption
0%
Entrevaux Diocèse disparu Notre-Dame-de-l'Assomption
0%
Vaison-la-Romaine Diocèse disparu Notre-Dame-de-Nazareth
0%
Sisteron Diocèse disparu Notre-Dame-des-Pommiers
0%
Forcalquier Diocèse disparu Notre-Dame-du-Bourguet
0%
Grasse Diocèse disparu Notre-Dame-du-Puy
0%
Avranches Cathédrale détruite Saint-André
0%
Vico Cathédrale détruite Saint-Appien
0%
La Rochelle Cathédrale détruite Saint-Barthélémy
0%
Castres Diocèse disparu Saint-Benoît
0%
Apt Diocèse disparu Sainte-Anne
0%
Nice Cathédrale détruite Sainte-Marie
0%
Oloron-Sainte-Marie Diocèse disparu Sainte-Marie
0%
Bastia Diocèse disparu Sainte-Marie
0%
Lombez Diocèse disparu Sainte-Marie
0%
Saint-Florent Diocèse disparu Sainte-Marie-de-l'Assomption
0%
Lucciana Diocèse disparu Sainte-Marie-de-l'Assomption
0%
Cervione Diocèse disparu Saint-Erasme
0%
Besançon Cathédrale détruite Saint-Etienne
0%
Alat-les-Bains Cathédrale détruite Saint-Etienne
0%
Vesoul Diocèse disparu Saint-Georges
0%
Thérouanne Cathédrale détruite Saint-Jean
0%
Calvi Diocèse disparu Saint-Jean-Baptiste
0%
Bazas Diocèse disparu Saint-Jean-Baptiste
0%
Alès Diocèse disparu Saint-Jean-Baptiste
0%
Narbonne Diocèse disparu Saint-Just-et-Saint-Pasteur
0%
Forcalquier Cathédrale détruite Saint-Mari
0%
Colmar Diocèse disparu Saint-Martin
0%
Vescovato Diocèse disparu Saint-Martin
0%
Vienne Diocèse disparu Saint-Maurice
0%
Mirepoix Diocèse disparu Saint-Maurice
0%
Sospel Diocèse disparu Saint-Michel
0%
Rikitea Diocèse disparu Saint-Michel
0%
Autun Cathédrale détruite Saint-Nazaire
0%
Quercitello Cathédrale détruite Saint-Pierre
0%
Lisieux Diocèse disparu Saint-Pierre
0%
Villeneuve-lès-Maguelonne Diocèse disparu Saint-Pierre-et-Saint-Paul
0%
Vabres-l'Abbaye Diocèse disparu Saint-Sauveur-et-Saint-Pierre
0%
Carpentras Diocèse disparu Saint-Siffrein
0%
Marseille Cathédrale détruite Vieille major
0%
Aucun quiz correspondant
Distribution des résultats
% des personnes avec chaque résultat
Percentile par nombre de réponses
Votre historique - résultats
Vous n’avez pas pris ce quiz